A Text Book of Degree Mathematics / (Record no. 41963)
[ view plain ]
| 000 -LEADER | |
|---|---|
| fixed length control field | 00743nam a2200277Ia 4500 |
| 001 - CONTROL NUMBER | |
| control field | 41997 |
| 005 - DATE AND TIME OF LATEST TRANSACTION | |
| control field | 20240114003446.0 |
| 007 - PHYSICAL DESCRIPTION FIXED FIELD--GENERAL INFORMATION | |
| fixed length control field | ta |
| 008 - FIXED-LENGTH DATA ELEMENTS--GENERAL INFORMATION | |
| fixed length control field | 080605s2007 g b000 u 465 u |
| 020 ## - INTERNATIONAL STANDARD BOOK NUMBER | |
| International Standard Book Number | 81-8412-038-9 |
| 040 ## - CATALOGING SOURCE | |
| Original cataloging agency | Cotton College,Assam |
| 041 ## - LANGUAGE CODE | |
| Language code of text/sound track or separate title | 465 |
| 082 ## - DEWEY DECIMAL CLASSIFICATION NUMBER | |
| Classification number | 511 |
| Item number | Da 14Te |
| 100 ## - MAIN ENTRY--PERSONAL NAME | |
| Personal name | Das, Nanda Ram . |
| 245 #0 - TITLE STATEMENT | |
| Title | A Text Book of Degree Mathematics / |
| Statement of responsibility, etc. | Nanda Ram Das,Pranjal rajkhowa. |
| Medium | Textual Documents |
| 250 ## - EDITION STATEMENT | |
| Edition statement | Ist / |
| 260 ## - PUBLICATION, DISTRIBUTION, ETC. | |
| Place of publication, distribution, etc. | Guwahati : |
| Name of publisher, distributor, etc. | Asian Books Private Limited , |
| Date of publication, distribution, etc. | 2007. |
| 300 ## - PHYSICAL DESCRIPTION | |
| Extent | 17.20 p ; |
| Dimensions | 24 cm. |
| 653 ## - INDEX TERM--UNCONTROLLED | |
| Uncontrolled term | Mathematics |
| 653 ## - INDEX TERM--UNCONTROLLED | |
| Uncontrolled term | G-Mathematics |
| 700 ## - ADDED ENTRY--PERSONAL NAME | |
| Personal name | Rajkhowa, Pranjal . |
| 942 ## - ADDED ENTRY ELEMENTS (KOHA) | |
| Source of classification or shelving scheme | Dewey Decimal Classification |
| Koha item type | Books |
| Withdrawn status | Lost status | Damaged status | Not for loan | Collection | Home library | Current library | Date acquired | Coded location qualifier | Total checkouts | Full call number | Barcode | Date last seen | Copy number | Price effective from | Koha item type |
|---|---|---|---|---|---|---|---|---|---|---|---|---|---|---|---|
| Dr. Suryya Kumar Bhuyan Library | Dr. Suryya Kumar Bhuyan Library | 01/02/2012 | 00000 | 511 Da 14Te | 90722 | 14/01/2024 | 1 | 01/02/2012 | Books | ||||||
| Dr. Suryya Kumar Bhuyan Library | Dr. Suryya Kumar Bhuyan Library | 01/02/2012 | 00000 | 511 Da 14Te | 90721 | 14/01/2024 | 2 | 01/02/2012 | Books |
